Riadenie vrtuľníka s rešpektovaním obmedzení akčnej veličiny

Saved in:
Bibliographic Details
Main Author: Karas, Miloš (Author)
Other Authors: Huba, Mikuláš (Thesis advisor)
Format: Manuscript Book
Language:Slovak
Published: Bratislava : STU v Bratislave FEI, 2002
Subjects:
Tags: Add Tag
No Tags, Be the first to tag this record!

MARC

LEADER 00000ntm a22000003a 4500
001 stu79201
005 20160426140552.6
008 030224s2002------------------------slo-d
040 |a STU  |b slo 
041 0 |a slo 
100 1 |a Karas, Miloš  |4 aut  |u E  |T FEI Fakulta elektrotechniky a informatiky  |U E  |Y 30 
245 1 |a Riadenie vrtuľníka s rešpektovaním obmedzení akčnej veličiny 
260 |a Bratislava :  |b STU v Bratislave FEI,  |c 2002 
300 |a 99 s 
650 7 |a automatizácia  |2 stusub 
700 1 |a Huba, Mikuláš  |4 ths  |u E010  |T FEI Ústav riadenia a priemyselnej informatiky  |X 2076  |U E010  |Y E010  |7 A000002076